[Event "GER-ch Blitz 2019"]
[Site "Magdeburg"]
[Date "2019.05.25"]
[Round "18.3"]
[White "Voege, Tobias"]
[Black "Hebbinghaus, Holger"]
[Result "1-0"]
[WhiteElo "2294"]
[BlackElo "2310"]
[Annotator "NA"]
[PlyCount "75"]
[EventDate "2019.05.25"]
[EventType "tourn"]
[EventCountry "GER"]
[Tiebreak "Number of wins+Number of black wins"]
[SourceTitle "playchess.com"]
[Source "ChessBase"]
[SourceQuality "1"]
[TimeControl "180+2"]

1. c4 {[%emt 0:00:00]} e5 {[%emt 0:00:00]} 2. Nc3 {[%emt 0:00:01]} d6 {[%emt 0:
00:00]} 3. g3 {[%emt 0:00:01]} f5 {[%emt 0:00:00]} 4. Bg2 {[%emt 0:00:00]} Nf6
{[%emt 0:00:01]} 5. e3 {[%emt 0:00:01]} Be7 {[%emt 0:00:01]} 6. Nge2 {[%emt 0:
00:01]} O-O {[%emt 0:00:01]} 7. O-O {[%emt 0:00:01]} c6 {[%emt 0:00:01]} 8. d4
{[%emt 0:00:02]} e4 {[%emt 0:00:09]} 9. d5 {[%emt 0:00:01]} Na6 {[%emt 0:00:10]
} 10. b3 {[%emt 0:00:12]} c5 {[%emt 0:00:06]} 11. Nf4 {[%emt 0:00:13]} Nc7 {
[%emt 0:00:01]} 12. f3 {[%emt 0:00:12]} exf3 {[%emt 0:00:38]} 13. Bxf3 {
[%emt 0:00:02]} Rb8 {[%emt 0:00:23]} 14. Bb2 {[%emt 0:00:09]} b5 {[%emt 0:00:
13]} 15. cxb5 {[%emt 0:00:07]} Nxb5 {[%emt 0:00:01]} 16. Nxb5 {[%emt 0:00:18]}
Rxb5 {[%emt 0:00:01]} 17. Ne6 {[%emt 0:00:08]} Bxe6 {[%emt 0:00:05]} 18. dxe6 {
[%emt 0:00:01]} Rb6 {[%emt 0:00:27]} 19. Rc1 {[%emt 0:00:15]} Qc8 {[%emt 0:00:
13]} 20. Bxf6 {[%emt 0:00:19]} Rxf6 {[%emt 0:00:05]} 21. Bd5 {[%emt 0:00:01]}
Kh8 {[%emt 0:00:04]} 22. Qe2 {[%emt 0:00:12]} Rb8 {[%emt 0:00:15]} 23. Rc4 {
[%emt 0:00:03]} Qc7 24. Rh4 {[%emt 0:00:14]} g6 {[%emt 0:00:26]} 25. Rhf4 {
[%emt 0:00:15]} Rff8 {[%emt 0:00:02]} 26. e4 {[%emt 0:00:04]} Bf6 {[%emt 0:00:
08]} 27. exf5 {[%emt 0:00:03]} g5 {[%emt 0:00:01]} 28. Re4 {[%emt 0:00:08]} Qe7
{[%emt 0:00:02]} 29. Kg2 {[%emt 0:00:04]} Bd4 {[%emt 0:00:05]} 30. g4 {[%emt 0:
00:04]} Rf6 {[%emt 0:00:01]} 31. h4 {[%emt 0:00:10]} gxh4 {[%emt 0:00:12]} 32.
g5 {[%emt 0:00:05]} Qg7 {[%emt 0:00:01]} 33. Rg4 {[%emt 0:00:02]} Rff8 {
[%emt 0:00:02]} 34. f6 {[%emt 0:00:04]} Qg6 {[%emt 0:00:03]} 35. e7 {[%emt 0:
00:05]} h3+ {[%emt 0:00:09]} 36. Kxh3 {[%emt 0:00:05]} Qh5+ {[%emt 0:00:01]}
37. Kg2 {[%emt 0:00:01]} Rfe8 38. Rh1 1-0

[Event "GER-ch Blitz 2019"]
[Site "Magdeburg"]
[Date "2019.05.25"]
[Round "18.5"]
[White "Wichmann, Cliff"]
[Black "Schneider, Ilja"]
[Result "0-1"]
[WhiteElo "2280"]
[BlackElo "2494"]
[Annotator "ChessBase"]
[PlyCount "66"]
[EventDate "2019.05.25"]
[EventType "tourn"]
[EventCountry "GER"]
[Tiebreak "Number of wins+Number of black wins"]
[SourceTitle "playchess.com"]
[Source "ChessBase"]
[SourceQuality "1"]
[TimeControl "180+2"]

1. d4 {[%emt 0:00:00]} d5 {[%emt 0:00:00]} 2. Nf3 {[%emt 0:00:01]} Nf6 {
[%emt 0:00:00]} 3. c4 {[%emt 0:00:01]} c6 {[%emt 0:00:00]} 4. Nc3 {[%emt 0:00:
02]} a6 {[%emt 0:00:01]} 5. c5 {[%emt 0:00:02]} Nbd7 {[%emt 0:00:01]} 6. h3 {
[%emt 0:00:02]} Qc7 {[%emt 0:00:01]} 7. Bg5 {[%emt 0:00:02]} h6 {[%emt 0:00:12]
} 8. Bh4 {[%emt 0:00:02]} Nh5 {[%emt 0:00:05]} 9. g4 {[%emt 0:00:22]} g5 {
[%emt 0:00:00]} 10. gxh5 {[%emt 0:00:05]} gxh4 {[%emt 0:00:02]} 11. e4 {
[%emt 0:00:24]} dxe4 {[%emt 0:00:15]} 12. Nxe4 {[%emt 0:00:03]} Qf4 {[%emt 0:
00:10]} 13. Bd3 {[%emt 0:00:08]} Nf6 {[%emt 0:00:12]} 14. Nxf6+ {[%emt 0:00:15]
} Qxf6 {[%emt 0:00:01]} 15. Qe2 {[%emt 0:00:03]} Bf5 {[%emt 0:00:12]} 16. O-O-O
{[%emt 0:00:16]} Rg8 {[%emt 0:00:21]} 17. Bxf5 {[%emt 0:00:32]} Qxf5 {[%emt 0:
00:01]} 18. Qe3 {[%emt 0:00:01]} Qxh5 {[%emt 0:00:10]} 19. Rd2 {[%emt 0:00:11]}
O-O-O {[%emt 0:00:08]} 20. Qf4 {[%emt 0:00:07]} Bg7 {[%emt 0:00:09]} 21. Re1 {
[%emt 0:00:06]} Bf6 {[%emt 0:00:02]} 22. Kc2 {[%emt 0:00:19]} Qd5 {[%emt 0:00:
03]} 23. Kb1 {[%emt 0:00:04]} Bg5 {[%emt 0:00:29]} 24. Nxg5 {[%emt 0:00:06]}
hxg5 {[%emt 0:00:00]} 25. Qe3 {[%emt 0:00:08]} e6 {[%emt 0:00:03]} 26. f4 {
[%emt 0:00:05]} Qf5+ {[%emt 0:00:01]} 27. Ka1 {[%emt 0:00:01]} gxf4 {[%emt 0:
00:03]} 28. Qb3 {[%emt 0:00:02]} f3 {[%emt 0:00:05]} 29. Rf1 {[%emt 0:00:01]}
Rg2 {[%emt 0:00:07]} 30. Rdd1 {[%emt 0:00:04]} f2 {[%emt 0:00:04]} 31. a3 {
[%emt 0:00:03]} Rg3 {[%emt 0:00:08]} 32. Qc4 {[%emt 0:00:02]} Rxh3 {[%emt 0:00:
04]} 33. Rd2 {[%emt 0:00:04]} Rf3 {[%emt 0:00:03]} 0-1

[Event "GER-ch Blitz 2019"]
[Site "Magdeburg"]
[Date "2019.05.25"]
[Round "18.6"]
[White "Carow, Johannes"]
[Black "Koch, Thomas"]
[Result "1/2-1/2"]
[WhiteElo "2445"]
[BlackElo "2474"]
[Annotator "ChessBase"]
[PlyCount "28"]
[EventDate "2019.05.25"]
[EventType "tourn"]
[EventCountry "GER"]
[Tiebreak "Number of wins+Number of black wins"]
[SourceTitle "playchess.com"]
[Source "ChessBase"]
[SourceQuality "1"]
[TimeControl "180+2"]

1. Nf3 {[%emt 0:00:00]} Nf6 {[%emt 0:00:00]} 2. e3 {[%emt 0:00:02]} b6 {
[%emt 0:00:01]} 3. d4 {[%emt 0:00:03]} Bb7 {[%emt 0:00:01]} 4. c4 {[%emt 0:00:
03]} e6 {[%emt 0:00:02]} 5. Be2 {[%emt 0:00:02]} Bb4+ {[%emt 0:00:03]} 6. Nbd2
{[%emt 0:00:02]} O-O {[%emt 0:00:05]} 7. O-O {[%emt 0:00:03]} Re8 {[%emt 0:00:
04]} 8. a3 {[%emt 0:00:04]} Bf8 {[%emt 0:00:04]} 9. b4 {[%emt 0:00:07]} d6 {
[%emt 0:00:02]} 10. Bb2 {[%emt 0:00:02]} Nbd7 {[%emt 0:00:02]} 11. Qc2 {
[%emt 0:00:05]} c5 {[%emt 0:00:01]} 12. Rfd1 {[%emt 0:00:05]} Qc7 {[%emt 0:00:
01]} 13. Rac1 {[%emt 0:00:06]} Rac8 {[%emt 0:00:04]} 14. Qb1 {[%emt 0:00:07]}
Qb8 {[%emt 0:00:03]} 1/2-1/2

[Event "GER-ch Blitz 2019"]
[Site "Magdeburg"]
[Date "2019.05.25"]
[Round "18.7"]
[White "Baskin, Robert"]
[Black "Schulz, Karsten"]
[Result "1-0"]
[WhiteElo "2398"]
[BlackElo "2227"]
[Annotator "NA"]
[PlyCount "81"]
[EventDate "2019.05.25"]
[EventType "tourn"]
[EventCountry "GER"]
[Tiebreak "Number of wins+Number of black wins"]
[SourceTitle "playchess.com"]
[Source "ChessBase"]
[SourceQuality "1"]
[TimeControl "180+2"]

1. d4 {[%emt 0:00:00]} Nf6 {[%emt 0:00:00]} 2. Bf4 {[%emt 0:00:00]} g6 {
[%emt 0:00:01]} 3. Nc3 {[%emt 0:00:01]} d6 {[%emt 0:00:02]} 4. e4 {[%emt 0:00:
01]} Bg7 {[%emt 0:00:02]} 5. Qd2 {[%emt 0:00:01]} d5 {[%emt 0:00:11]} 6. e5 {
[%emt 0:00:05]} Ne4 {[%emt 0:00:01]} 7. Nxe4 {[%emt 0:00:01]} dxe4 {[%emt 0:00:
02]} 8. Bc4 {[%emt 0:00:01]} c5 {[%emt 0:00:41]} 9. d5 {[%emt 0:00:07]} O-O {
[%emt 0:00:25]} 10. Ne2 {[%emt 0:00:05]} Nd7 {[%emt 0:00:05]} 11. Ng3 {[%emt 0:
01:05]} Nxe5 {[%emt 0:00:06]} 12. Bxe5 {[%emt 0:00:02]} Bxe5 {[%emt 0:00:01]}
13. Nxe4 {[%emt 0:00:01]} Bxb2 {[%emt 0:00:15]} 14. Rb1 {[%emt 0:00:01]} Bg7 {
[%emt 0:00:02]} 15. h4 {[%emt 0:00:12]} h5 {[%emt 0:00:19]} 16. Qg5 {[%emt 0:
00:07]} Qa5+ {[%emt 0:00:25]} 17. Kf1 {[%emt 0:00:06]} Bf5 {[%emt 0:00:02]} 18.
Ng3 {[%emt 0:00:28]} Bxc2 {[%emt 0:00:07]} 19. Rxb7 {[%emt 0:00:02]} Qc3 {
[%emt 0:00:07]} 20. Bb3 {[%emt 0:00:19]} Bd3+ {[%emt 0:00:07]} 21. Kg1 {
[%emt 0:00:02]} c4 {[%emt 0:00:01]} 22. Bd1 {[%emt 0:00:09]} Bf6 {[%emt 0:00:
01]} 23. Qe3 {[%emt 0:00:05]} Rab8 {[%emt 0:00:07]} 24. Rxb8 {[%emt 0:00:15]}
Rxb8 {[%emt 0:00:02]} 25. Qxa7 {[%emt 0:00:04]} Rb1 {[%emt 0:00:05]} 26. Kh2 {
[%emt 0:00:01]} Qd4 {[%emt 0:00:08]} 27. Qxd4 {[%emt 0:00:07]} Bxd4 {[%emt 0:
00:01]} 28. Be2 {[%emt 0:00:08]} Bxf2 {[%emt 0:00:14]} 29. Rxb1 {[%emt 0:00:03]
} Bxg3+ {[%emt 0:00:06]} 30. Kxg3 {[%emt 0:00:02]} Bxb1 {[%emt 0:00:01]} 31.
Bxc4 {[%emt 0:00:01]} Kf8 {[%emt 0:00:05]} 32. a4 {[%emt 0:00:03]} Ke8 {
[%emt 0:00:02]} 33. a5 {[%emt 0:00:02]} Kd8 {[%emt 0:00:02]} 34. d6 {[%emt 0:
00:08]} e6 {[%emt 0:00:05]} 35. a6 {[%emt 0:00:00]} Be4 {[%emt 0:00:02]} 36.
Bb5 {[%emt 0:00:02]} f6 {[%emt 0:00:04]} 37. Kf2 {[%emt 0:00:01]} g5 {[%emt 0:
00:01]} 38. hxg5 {[%emt 0:00:01]} fxg5 {[%emt 0:00:01]} 39. Ke3 {[%emt 0:00:01]
} Bxg2 {[%emt 0:00:03]} 40. Kd4 {[%emt 0:00:02]} Bd5 {[%emt 0:00:02]} 41. Kc5 {
[%emt 0:00:08]} 1-0

[Event "GER-ch Blitz 2019"]
[Site "Magdeburg"]
[Date "2019.05.25"]
[Round "18.8"]
[White "Stern, Rene"]
[Black "Buhmann, Rainer"]
[Result "1/2-1/2"]
[WhiteElo "2538"]
[BlackElo "2573"]
[Annotator "ChessBase"]
[PlyCount "69"]
[EventDate "2019.05.25"]
[EventType "tourn"]
[EventCountry "GER"]
[Tiebreak "Number of wins+Number of black wins"]
[SourceTitle "playchess.com"]
[Source "ChessBase"]
[SourceQuality "1"]
[TimeControl "180+2"]

1. Nf3 {[%emt 0:00:00]} Nf6 {[%emt 0:00:00]} 2. c4 {[%emt 0:00:00]} e6 {
[%emt 0:00:01]} 3. Nc3 {[%emt 0:00:00]} d5 {[%emt 0:00:03]} 4. d4 {[%emt 0:00:
01]} c6 {[%emt 0:00:05]} 5. e3 {[%emt 0:00:01]} Nbd7 {[%emt 0:00:02]} 6. Be2 {
[%emt 0:00:01]} Bd6 {[%emt 0:00:01]} 7. O-O {[%emt 0:00:02]} O-O {[%emt 0:00:
02]} 8. b3 {[%emt 0:00:06]} b6 {[%emt 0:00:02]} 9. Bb2 {[%emt 0:00:01]} Bb7 {
[%emt 0:00:01]} 10. Rc1 {[%emt 0:00:01]} Rc8 {[%emt 0:00:03]} 11. Qc2 {[%emt 0:
00:01]} Qe7 {[%emt 0:00:04]} 12. Rfd1 {[%emt 0:00:01]} h6 {[%emt 0:00:07]} 13.
h3 {[%emt 0:00:01]} Rfd8 {[%emt 0:00:02]} 14. Qb1 {[%emt 0:00:11]} Bb8 {
[%emt 0:00:17]} 15. Bf1 {[%emt 0:00:13]} c5 {[%emt 0:00:24]} 16. cxd5 {[%emt 0:
00:02]} exd5 {[%emt 0:00:08]} 17. dxc5 {[%emt 0:00:13]} bxc5 {[%emt 0:00:03]}
18. Ne2 {[%emt 0:00:02]} d4 {[%emt 0:00:15]} 19. exd4 {[%emt 0:00:10]} Be4 {
[%emt 0:00:04]} 20. Qa1 {[%emt 0:00:01]} Bxf3 {[%emt 0:00:02]} 21. gxf3 {
[%emt 0:00:01]} Nh5 {[%emt 0:00:35]} 22. dxc5 {[%emt 0:00:24]} Nxc5 {[%emt 0:
00:13]} 23. Bd4 {[%emt 0:00:44]} Qg5+ {[%emt 0:00:14]} 24. Bg2 {[%emt 0:00:02]}
Ne6 {[%emt 0:00:07]} 25. Be3 {[%emt 0:00:21]} Nhf4 {[%emt 0:00:12]} 26. Nxf4 {
[%emt 0:00:02]} Nxf4 {[%emt 0:00:17]} 27. Bxf4 {[%emt 0:00:02]} Bxf4 {[%emt 0:
00:03]} 28. Rxc8 {[%emt 0:00:08]} Rxc8 {[%emt 0:00:01]} 29. Qd4 {[%emt 0:00:04]
} a5 {[%emt 0:00:05]} 30. Qd7 {[%emt 0:00:23]} Rb8 {[%emt 0:00:12]} 31. Qd5 {
[%emt 0:00:04]} a4 {[%emt 0:00:06]} 32. Qxg5 {[%emt 0:00:03]} hxg5 {[%emt 0:00:
01]} 33. bxa4 {[%emt 0:00:02]} Rb2 {[%emt 0:00:03]} 34. Bf1 {[%emt 0:00:05]}
Rxa2 {[%emt 0:00:01]} 35. Bb5 {[%emt 0:00:02]} 1/2-1/2

[Event "GER-ch Blitz 2019"]
[Site "Magdeburg"]
[Date "2019.05.25"]
[Round "18.9"]
[White "Braeuer, Franz"]
[Black "Hirneise, Jens"]
[Result "0-1"]
[WhiteElo "2445"]
[BlackElo "2375"]
[Annotator "NA"]
[PlyCount "60"]
[EventDate "2019.05.25"]
[EventType "tourn"]
[EventCountry "GER"]
[Tiebreak "Number of wins+Number of black wins"]
[SourceTitle "playchess.com"]
[Source "ChessBase"]
[SourceQuality "1"]
[TimeControl "180+2"]

1. e4 {[%emt 0:00:00]} c5 {[%emt 0:00:00]} 2. Nf3 {[%emt 0:00:00]} Nc6 {
[%emt 0:00:01]} 3. d4 {[%emt 0:00:00]} cxd4 {[%emt 0:00:01]} 4. Nxd4 {[%emt 0:
00:01]} Nf6 {[%emt 0:00:01]} 5. Nc3 {[%emt 0:00:01]} d6 {[%emt 0:00:01]} 6. f3
{[%emt 0:00:01]} e5 {[%emt 0:00:01]} 7. Nb3 {[%emt 0:00:00]} Be7 {[%emt 0:00:
02]} 8. Be3 {[%emt 0:00:01]} O-O {[%emt 0:00:14]} 9. Qd2 {[%emt 0:00:01]} a5 {
[%emt 0:00:02]} 10. Bb5 {[%emt 0:00:01]} Be6 {[%emt 0:00:22]} 11. Nd5 {[%emt 0:
00:10]} Bxd5 {[%emt 0:00:14]} 12. exd5 {[%emt 0:00:01]} Na7 {[%emt 0:00:02]}
13. Be2 {[%emt 0:00:16]} b6 {[%emt 0:00:19]} 14. Rc1 {[%emt 0:00:20]} Nd7 {
[%emt 0:00:02]} 15. O-O {[%emt 0:00:05]} Nc5 {[%emt 0:00:07]} 16. c4 {[%emt 0:
00:12]} Nc8 {[%emt 0:00:09]} 17. Na1 {[%emt 0:00:05]} Bf6 {[%emt 0:00:07]} 18.
Nc2 {[%emt 0:00:05]} Ne7 {[%emt 0:00:01]} 19. Bd3 {[%emt 0:00:24]} Ng6 {
[%emt 0:00:13]} 20. Na3 {[%emt 0:00:10]} Be7 {[%emt 0:00:02]} 21. Qc2 {[%emt 0:
00:15]} Bg5 {[%emt 0:00:13]} 22. Bxg5 {[%emt 0:00:19]} Qxg5 {[%emt 0:00:01]}
23. Bxg6 {[%emt 0:00:01]} fxg6 {[%emt 0:00:24]} 24. Rce1 {[%emt 0:00:27]} Rf6 {
[%emt 0:00:19]} 25. Nb5 {[%emt 0:00:05]} Raf8 {[%emt 0:00:02]} 26. Nc3 {
[%emt 0:00:11]} Rxf3 {[%emt 0:00:09]} 27. Rxf3 {[%emt 0:00:11]} Rxf3 {[%emt 0:
00:01]} 28. Qe2 {[%emt 0:00:11]} Rf4 {[%emt 0:00:20]} 29. b3 {[%emt 0:00:08]}
h5 {[%emt 0:00:04]} 30. Qd2 {[%emt 0:00:10]} Rf1+ {[%emt 0:00:04]} 0-1

[Event "GER-ch Blitz 2019"]
[Site "Magdeburg"]
[Date "2019.05.25"]
[Round "18.10"]
[White "Frischmann, Rick"]
[Black "Ehmann, Thilo"]
[Result "1-0"]
[WhiteElo "2320"]
[BlackElo "2291"]
[Annotator "NA"]
[PlyCount "83"]
[EventDate "2019.05.25"]
[EventType "tourn"]
[EventCountry "GER"]
[Tiebreak "Number of wins+Number of black wins"]
[SourceTitle "playchess.com"]
[Source "ChessBase"]
[SourceQuality "1"]
[TimeControl "180+2"]

1. e4 {[%emt 0:00:00]} c5 {[%emt 0:00:00]} 2. Nf3 e6 3. d4 {[%emt 0:00:02]}
cxd4 {[%emt 0:00:00]} 4. Nxd4 {[%emt 0:00:01]} a6 {[%emt 0:00:00]} 5. c4 {
[%emt 0:00:01]} Qc7 {[%emt 0:00:01]} 6. a3 {[%emt 0:00:16]} Nf6 {[%emt 0:00:06]
} 7. Nc3 {[%emt 0:00:01]} Nxe4 {[%emt 0:00:12]} 8. Nxe4 Qe5 9. Qc2 {[%emt 0:00:
21]} Qxd4 {[%emt 0:00:04]} 10. Be3 {[%emt 0:00:07]} Qe5 {[%emt 0:00:03]} 11. c5
{[%emt 0:00:01]} Nc6 {[%emt 0:00:18]} 12. f4 {[%emt 0:00:13]} Qf5 {[%emt 0:00:
20]} 13. Bd3 {[%emt 0:00:02]} Qg4 {[%emt 0:00:02]} 14. O-O {[%emt 0:00:03]} f5
{[%emt 0:00:01]} 15. Ng3 {[%emt 0:00:08]} Be7 {[%emt 0:00:11]} 16. Be2 {
[%emt 0:00:01]} Qh4 {[%emt 0:00:01]} 17. Nh5 {[%emt 0:00:08]} Bf6 {[%emt 0:00:
25]} 18. Rad1 {[%emt 0:00:07]} Bd8 {[%emt 0:00:08]} 19. Nxg7+ {[%emt 0:00:16]}
Kf7 {[%emt 0:00:01]} 20. Nh5 {[%emt 0:00:46]} Rg8 {[%emt 0:00:14]} 21. Ng3 {
[%emt 0:00:03]} d5 {[%emt 0:00:09]} 22. cxd6 {[%emt 0:00:03]} Bd7 {[%emt 0:00:
00]} 23. Bc4 {[%emt 0:00:02]} Qf6 {[%emt 0:00:14]} 24. Nxf5 {[%emt 0:00:07]}
Na5 {[%emt 0:00:08]} 25. Ba2 {[%emt 0:00:02]} Rc8 {[%emt 0:00:09]} 26. Qb1 {
[%emt 0:00:01]} Nc4 27. Bxc4 {[%emt 0:00:37]} Rxc4 {[%emt 0:00:17]} 28. Ne7 {
[%emt 0:00:06]} Rg7 {[%emt 0:00:22]} 29. f5 {[%emt 0:00:03]} e5 {[%emt 0:00:10]
} 30. Qd3 {[%emt 0:00:01]} b5 {[%emt 0:00:07]} 31. Qd5+ {[%emt 0:00:02]} Ke8 {
[%emt 0:00:01]} 32. Qf3 {[%emt 0:00:07]} e4 {[%emt 0:00:05]} 33. Qh5+ {[%emt 0:
00:01]} Rf7 {[%emt 0:00:02]} 34. Nd5 {[%emt 0:00:05]} Qxb2 {[%emt 0:00:02]} 35.
Qg4 {[%emt 0:00:06]} Qh8 {[%emt 0:00:06]} 36. Kh1 {[%emt 0:00:07]} Rc2 {
[%emt 0:00:05]} 37. Qxe4+ {[%emt 0:00:01]} Kf8 {[%emt 0:00:02]} 38. Qxc2 {
[%emt 0:00:01]} Qg8 {[%emt 0:00:01]} 39. Qe4 {[%emt 0:00:01]} Qg7 {[%emt 0:00:
01]} 40. Nf4 {[%emt 0:00:01]} Bxf5 {[%emt 0:00:02]} 41. Ne6+ {[%emt 0:00:00]}
Bxe6 {[%emt 0:00:03]} 42. Qxe6 {[%emt 0:00:01]} 1-0

[Event "GER-ch Blitz 2019"]
[Site "Magdeburg"]
[Date "2019.05.25"]
[Round "18.11"]
[White "Kopylov, Michael"]
[Black "Zuyev, Igor"]
[Result "0-1"]
[WhiteElo "2413"]
[BlackElo "2447"]
[Annotator "NA"]
[PlyCount "66"]
[EventDate "2019.05.25"]
[EventType "tourn"]
[EventCountry "GER"]
[Tiebreak "Number of wins+Number of black wins"]
[SourceTitle "playchess.com"]
[Source "ChessBase"]
[SourceQuality "1"]
[TimeControl "180+2"]

1. d4 {[%emt 0:00:00]} Nf6 {[%emt 0:00:00]} 2. c4 {[%emt 0:00:00]} e6 {[%emt 0:
00:00]} 3. g3 {[%emt 0:00:00]} d5 {[%emt 0:00:09]} 4. Bg2 {[%emt 0:00:01]} dxc4
{[%emt 0:00:05]} 5. Nf3 {[%emt 0:00:01]} c5 {[%emt 0:00:06]} 6. O-O {[%emt 0:
00:02]} cxd4 {[%emt 0:00:05]} 7. Qxd4 {[%emt 0:00:01]} Qxd4 {[%emt 0:00:05]} 8.
Nxd4 {[%emt 0:00:00]} a6 {[%emt 0:00:03]} 9. Nd2 {[%emt 0:00:10]} c3 {[%emt 0:
00:08]} 10. bxc3 {[%emt 0:00:01]} Nbd7 {[%emt 0:00:17]} 11. Rb1 {[%emt 0:00:04]
} Ra7 {[%emt 0:00:08]} 12. Nc4 {[%emt 0:00:08]} h5 {[%emt 0:00:07]} 13. Be3 {
[%emt 0:00:23]} Nd5 {[%emt 0:00:09]} 14. Bxd5 {[%emt 0:00:20]} exd5 {[%emt 0:
00:03]} 15. Nf5 {[%emt 0:00:05]} dxc4 {[%emt 0:00:06]} 16. Bxa7 {[%emt 0:00:02]
} b5 {[%emt 0:00:04]} 17. Rfd1 {[%emt 0:00:11]} Nf6 {[%emt 0:00:08]} 18. Bb6 {
[%emt 0:00:18]} Bxf5 {[%emt 0:00:10]} 19. Rd8+ {[%emt 0:00:01]} Ke7 {[%emt 0:
00:01]} 20. Rbd1 {[%emt 0:00:00]} Nd7 {[%emt 0:00:14]} 21. Ba5 {[%emt 0:00:13]}
f6 {[%emt 0:00:06]} 22. e4 {[%emt 0:00:08]} Bg4 {[%emt 0:00:05]} 23. f3 {
[%emt 0:00:01]} Bh3 {[%emt 0:00:06]} 24. f4 {[%emt 0:00:15]} g5 {[%emt 0:00:06]
} 25. f5 {[%emt 0:00:07]} Ne5 {[%emt 0:00:06]} 26. R1d6 {[%emt 0:00:38]} Kf7 {
[%emt 0:00:08]} 27. Rxa6 {[%emt 0:00:08]} Bc5+ {[%emt 0:00:07]} 28. Rd4 {
[%emt 0:00:03]} Nf3+ {[%emt 0:00:05]} 29. Kf2 {[%emt 0:00:03]} Nxd4 {[%emt 0:
00:05]} 30. cxd4 {[%emt 0:00:05]} Bxd4+ {[%emt 0:00:04]} 31. Ke2 {[%emt 0:00:
00]} Re8 {[%emt 0:00:05]} 32. Kf3 {[%emt 0:00:08]} Bg4+ {[%emt 0:00:08]} 33.
Kg2 {[%emt 0:00:02]} Rxe4 {[%emt 0:00:04]} 0-1

[Event "GER-ch Blitz 2019"]
[Site "Magdeburg"]
[Date "2019.05.25"]
[Round "18.12"]
[White "Stein, Robert"]
[Black "Kirchner, Thomas"]
[Result "1-0"]
[WhiteElo "2318"]
[BlackElo "2311"]
[Annotator "NA"]
[PlyCount "95"]
[EventDate "2019.05.25"]
[EventType "tourn"]
[EventCountry "GER"]
[Tiebreak "Number of wins+Number of black wins"]
[SourceTitle "playchess.com"]
[Source "ChessBase"]
[SourceQuality "1"]
[TimeControl "180+2"]

1. d4 {[%emt 0:00:00]} Nf6 {[%emt 0:00:00]} 2. c4 {[%emt 0:00:01]} e5 {[%emt 0:
00:00]} 3. dxe5 {[%emt 0:00:01]} Ng4 {[%emt 0:00:01]} 4. Bf4 {[%emt 0:00:02]}
g5 {[%emt 0:00:00]} 5. Bd2 {[%emt 0:00:00]} Bg7 {[%emt 0:00:01]} 6. Bc3 {
[%emt 0:00:02]} Nxe5 {[%emt 0:00:04]} 7. e3 {[%emt 0:00:02]} Qe7 {[%emt 0:00:
01]} 8. Nd2 {[%emt 0:00:09]} Nbc6 {[%emt 0:00:04]} 9. Rc1 {[%emt 0:00:03]} d6 {
[%emt 0:00:01]} 10. Ngf3 {[%emt 0:00:01]} O-O {[%emt 0:00:04]} 11. Be2 {
[%emt 0:00:02]} f5 {[%emt 0:00:05]} 12. O-O {[%emt 0:00:05]} Be6 {[%emt 0:00:
04]} 13. b3 {[%emt 0:00:05]} Rae8 {[%emt 0:00:02]} 14. Nd4 {[%emt 0:00:02]} Bd7
{[%emt 0:00:05]} 15. Nxc6 {[%emt 0:00:05]} Bxc6 {[%emt 0:00:06]} 16. Nf3 {
[%emt 0:00:01]} Ng6 {[%emt 0:00:07]} 17. Bxg7 {[%emt 0:00:10]} Kxg7 {[%emt 0:
00:01]} 18. Nd4 {[%emt 0:00:08]} Bd7 {[%emt 0:00:03]} 19. Bf3 {[%emt 0:00:10]}
c6 {[%emt 0:00:08]} 20. Bh5 {[%emt 0:00:07]} Qf6 {[%emt 0:00:11]} 21. Qd2 {
[%emt 0:00:10]} Rd8 {[%emt 0:00:09]} 22. Rcd1 {[%emt 0:00:09]} Bc8 {[%emt 0:00:
01]} 23. Qa5 {[%emt 0:00:01]} a6 {[%emt 0:00:08]} 24. Ne2 {[%emt 0:00:07]} Ne5
{[%emt 0:00:06]} 25. f4 {[%emt 0:00:17]} gxf4 {[%emt 0:00:08]} 26. exf4 {
[%emt 0:00:02]} Ng6 {[%emt 0:00:03]} 27. Bxg6 {[%emt 0:00:07]} hxg6 {[%emt 0:
00:02]} 28. Nd4 {[%emt 0:00:02]} Rde8 {[%emt 0:00:15]} 29. Nf3 {[%emt 0:00:01]}
Re7 {[%emt 0:00:07]} 30. Qd2 {[%emt 0:00:06]} Rd8 {[%emt 0:00:05]} 31. Rfe1 {
[%emt 0:00:01]} Rxe1+ {[%emt 0:00:10]} 32. Rxe1 {[%emt 0:00:01]} Be6 {[%emt 0:
00:29]} 33. Re3 {[%emt 0:00:07]} Bf7 {[%emt 0:00:07]} 34. Ng5 {[%emt 0:00:11]}
Rd7 {[%emt 0:00:03]} 35. Rh3 {[%emt 0:00:06]} Bg8 {[%emt 0:00:01]} 36. Rd3 {
[%emt 0:00:21]} d5 {[%emt 0:00:08]} 37. Nf3 {[%emt 0:00:05]} Re7 {[%emt 0:00:
10]} 38. Ne5 {[%emt 0:00:12]} Qd6 {[%emt 0:00:17]} 39. Qf2 {[%emt 0:00:06]} Qf6
{[%emt 0:00:05]} 40. h4 {[%emt 0:00:08]} dxc4 {[%emt 0:00:07]} 41. bxc4 {
[%emt 0:00:01]} b5 {[%emt 0:00:01]} 42. Rg3 {[%emt 0:00:07]} Bf7 {[%emt 0:00:
06]} 43. h5 {[%emt 0:00:01]} Rxe5 {[%emt 0:00:14]} 44. fxe5 {[%emt 0:00:07]}
Qxe5 {[%emt 0:00:01]} 45. hxg6 {[%emt 0:00:01]} Bxc4 {[%emt 0:00:04]} 46. Qa7+
{[%emt 0:00:03]} Kf6 {[%emt 0:00:04]} 47. Re3 {[%emt 0:00:07]} Qc5 {[%emt 0:00:
04]} 48. Qxc5 {[%emt 0:00:02]} 1-0